Maantiedettä kirjaimittain - Q - Statistics

Yleistilastot
  • Tätä visaa on pelattu 902 kertaa
  • Keskiarvotulos 4 / 16
Vastaustilastot
Vihje Vastaus % Oikein
Valtio Lähi-idässä Qatar
99%
Kanadan ranskankielinen osavaltio Quebec
88%
Australian osavaltio Queensland
66%
Ecuadorin pääkaupunki Quito
60%
Väkirikkain kaupunki Manilan kaupunkialueella {Quezon} City
20%
Uuden-Seelannin Eteläsaarella sijaitseva kaupunki, jonka ympäristössä on kuvattu muun muassa Taru sormusten herrasta -elokuvia Queenstown
16%
Kolmikirjaiminen kaupunki Iranissa Qom
15%
Aikoinaan Saksan hallinnoima oluesta tunnettu kaupunki Kiinassa Qingdao
12%
Guatemalan valuutta, joka on saanut nimensä paikallisen lintulajin mukaan Quetzal
12%
Meksikon osavaltio Belizen rajalla {Quintana} Roo
12%
Hedelmätarhoistaan tunnettu kaupunki Pakistanissa Quetta
11%
Kazakstan kazakin kielellä Qazaqstan
10%
Hormuzinsalmessa sijaitseva Iranin suurin saari Qešm
9%
Bretagnessa sijaitseva kaupunki, joka on Finistèren departementin pääkaupunki Quimper
8%
Maakunta Kiinan länsiosissa Qinghai
5%
Kaupunki Portugalissa lähellä Lissabonia Queluz
5%
Ehtoja vastaavia visoja ei löytynyt
Tulosjakauma
Jokaisen tuloksen saaneiden osuus
Persentiili vastausten määrän mukaan
Tuloshistoriasi
Et ole pelannut tätä visaa